000 00960cam a22002897a 4500
003 CHAP
005 20220329134155.0
008 971013s1971 r 00010 d
010 _a16534
011 _a17506
035 _a21589
040 _cCHAP
082 _a658.05
_bH68
100 0 0 _aHouse, William C.
_eed.
_956449
245 1 4 _aThe impast of information technology on management operation
260 _aPhiladelphia :
_bAuerbach,
_c1971
300 _a436 p.
590 _aBATCH-UPD
_b10
_c20130110
_lUCH01
_h2226
590 _aBATCH-UPD
_b10
_c20130410
_lUCH01
_h1522
590 _aBATCH-UPD
_b10
_c20130914
_lUCH01
_h1937
590 _aCONVERSION
_b10
_c20130109
_lUCH01
_h1310
650 1 4 _aAdministración de empresas
_xSistemas de informacion.
_9928
650 1 4 _aProcesamiento automático de datos en administración de empresas.
_991748
901 _aBK
942 _cLIBRO
949 _a658.05 H68
_bBC
_cLIBRO
_d33724000098927
_eLIBRO
_h41752
_i21589
_si
999 _c16534
_d16534